[Event "POL-chT blind"]
[Site "Wagrowiec"]
[Date "2016.11.12"]
[Round "2.3"]
[White "Cebula, Jozef"]
[Black "Myszka, Zygmunt"]
[Result "1/2-1/2"]
[WhiteElo "1723"]
[BlackElo "1848"]
[PlyCount "65"]
[EventDate "2016.11.11"]
[EventType "team-tourn"]
[EventRounds "9"]
[EventCountry "POL"]
[SourceTitle "EXT 2019"]
[Source "ChessBase"]
[SourceDate "2018.10.10"]
[SourceVersion "1"]
[SourceVersionDate "2018.10.10"]
[SourceQuality "1"]

1. d4 d5 2. Nf3 c6 3. Nc3 Nf6 4. Bg5 Nbd7 5. e3 Ne4 6. Nxe4 dxe4 7. Nd2 h6 8. Bf4 Nf6 9. h3 Bf5 10. Nc4 e6 11. c3 Be7 12. Ne5 0-0 13. g4 Bh7 14. g5 hxg5 15. Bxg5 Nd5 16. Bxe7 Nxe7 17. Rg1 Bf5 18. Qh5 Ng6 19. Nxg6 Bxg6 20. Qe5 Qb8 21. Qg5 Qd8 22. h4 Qxg5 23. Rxg5 Bf5 24. Bc4 Rfe8 25. 0-0-0 Kf8 26. Rdg1 g6 27. h5 gxh5 28. Rxh5 Ke7 29. Rg7 Rg8 30. Rhg5 Rxg7 31. Rxg7 Kf6 32. Rg3 Rh8 33. Rg2 1/2-1/2

[Event "Ramsowo Grunwald Cup 28th"]
[Site "Ramsowo"]
[Date "2013.09.18"]
[Round "4"]
[White "Zoltek, Tadeusz"]
[Black "Myszka, Zygmunt"]
[Result "1-0"]
[WhiteElo "2161"]
[BlackElo "1934"]
[PlyCount "61"]
[EventDate "2013.09.16"]
[EventType "swiss"]
[EventRounds "9"]
[EventCountry "POL"]
[SourceTitle "CBM 156 Extra"]
[Source "ChessBase"]
[SourceDate "2013.10.22"]
[SourceVersion "1"]
[SourceVersionDate "2013.10.22"]
[SourceQuality "1"]

1. Nf3 d5 2. d4 c6 3. c4 Nf6 4. Nc3 Nbd7 5. e3 Ne4 6. cxd5 Nxc3 7. bxc3 cxd5 8. c4 e6 9. cxd5 exd5 10. Qb3 Nb6 11. Bb5+ Bd7 12. Ne5 Bxb5 13. Qxb5+ Ke7 14. 0-0 f6 15. Ba3+ Ke6 16. Bxf8 Rxf8 17. Nd3 Kf7 18. Nc5 Qe7 19. a4 Rab8 20. a5 Nc4 21. Nd7 Qe6 22. Nxb8 Rxb8 23. Qc5 Qc6 24. Qxa7 Re8 25. a6 Re7 26. Qa8 Nb6 27. axb7 Rxb7 28. Qa6 Rc7 29. Ra5 Kg6 30. Rc5 Qd6 31. Rfc1 1-0

[Event "Ramsowo Grunwald Cup 28th"]
[Site "Ramsowo"]
[Date "2013.09.16"]
[Round "1"]
[White "Jakimczuk, Alicja"]
[Black "Myszka, Zygmunt"]
[Result "0-1"]
[WhiteElo "1276"]
[BlackElo "1934"]
[PlyCount "33"]
[EventDate "2013.09.16"]
[EventType "swiss"]
[EventRounds "9"]
[EventCountry "POL"]
[SourceTitle "CBM 156 Extra"]
[Source "ChessBase"]
[SourceDate "2013.10.22"]
[SourceVersion "1"]
[SourceVersionDate "2013.10.22"]
[SourceQuality "1"]

1. e4 e5 2. Nf3 Nc6 3. Bb5 Nf6 4. d4 exd4 5. Nxd4 a6 6. Nxc6 bxc6 7. Bd3 d6 8. Nd2 Bg4 9. f3 Be6 10. 0-0 Be7 11. f4 0-0 12. Nf3 h6 13. f5 Bc8 14. e5 dxe5 15. Nxe5 Qd4+ 16. Kh1 Qxe5 17. Qf3 0-1

[Event "Ramsowo Grunwald Cup 28th"]
[Site "Ramsowo"]
[Date "2013.09.16"]
[Round "2"]
[White "Myszka, Zygmunt"]
[Black "Stachanczyk, Jacek"]
[Result "0-1"]
[WhiteElo "1934"]
[BlackElo "2227"]
[PlyCount "64"]
[EventDate "2013.09.16"]
[EventType "swiss"]
[EventRounds "9"]
[EventCountry "POL"]
[SourceTitle "CBM 156 Extra"]
[Source "ChessBase"]
[SourceDate "2013.10.22"]
[SourceVersion "1"]
[SourceVersionDate "2013.10.22"]
[SourceQuality "1"]

1. e4 e5 2. Nf3 Nc6 3. d4 exd4 4. Nxd4 Nf6 5. Nxc6 bxc6 6. Bd3 d6 7. 0-0 Be7 8. Nd2 0-0 9. Nf3 Bg4 10. h3 Bh5 11. Bf4 Nd7 12. Be2 Bf6 13. c3 Re8 14. Nd2 Bg6 15. f3 Qb8 16. Nb3 a5 17. Qd2 c5 18. Rae1 a4 19. Nc1 Qb6 20. Bc4 Rab8 21. Rf2 a3 22. b3 Qa5 23. Ne2 Nb6 24. Bd3 Rbd8 25. b4 Qa7 26. c4 cxb4 27. Qxb4 Rb8 28. Qd2 Na4 29. Rc1 Rb2 30. Rc2 Reb8 31. Be3 Qa8 32. Rf1 Rxc2 0-1